Normal view
MARC view
- Broderick, John C.
Entry Personal Name
001 - CONTROL NUMBER
- control field: 153489
003 - CONTROL NUMBER IDENTIFIER
- control field: DLC
005 - DATE AND TIME OF LATEST TRANSACTION
- control field: 20260409132153.0
008 - FIXED-LENGTH DATA ELEMENTS
- fixed length control field: 801203n| azannaabn |n aaa
010 ## - LIBRARY OF CONGRESS CONTROL NUMBER
- LC control number: n 80156615
035 ## - SYSTEM CONTROL NUMBER
- System control number: (OCoLC)oca00536538
040 ## - CATALOGING SOURCE
- Original cataloging agency: DLC
- Language of cataloging: eng
- Description conventions: rda
- Transcribing agency: DLC
- Modifying agency: DLC
- Modifying agency: UPB
046 ## - SPECIAL CODED DATES
- Birth date: 19260906
- Death date: 20100104
053 #0 - LC CLASSIFICATION NUMBER
- Classification number element--single number or beginning number of span: PS3552.R6195
100 1# - HEADING--PERSONAL NAME
- Personal name: Broderick, John C.
370 ## - ASSOCIATED PLACE
- Place of birth: Memphis (Tenn.)
- Place of death: Gaithersburg (Md.)
- Source of term: naf
374 ## - OCCUPATION
- Occupation: Librarians
- Occupation: Authors
- Occupation: College teachers
- Source of term: lcsh
375 ## - GENDER
- Gender: male
377 ## - ASSOCIATED LANGUAGE
- Language code: eng
378 ## - FULLER FORM OF PERSONAL NAME
- Fuller form of personal name: John Caruthers
670 ## - SOURCE DATA FOUND
- Source citation: Whitman, W. Whitman, the poet, 1962.
670 ## - SOURCE DATA FOUND
- Source citation: WWinAm, 1982-83
- Information found: (John Caruthers Broderick; librarian and educator; b. 1926; LC Manuscript Division, 1964-79; LC asst. lib. for research services, 1979- ; U.S. Army, 1945-46)
670 ## - SOURCE DATA FOUND
- Source citation: Biog. resource center (Contemp. authors), May 23, 2006
- Information found: (John C(aruthers) Broderick; b. Sept. 6, 1926, Memphis, Tenn.; University of North Carolina, Ph. D., 1953)
670 ## - SOURCE DATA FOUND
- Source citation: Washington post WWW site, Jan. 15, 2010
- Information found: (John C. Broderick; d. Jan. 4 [2010], Gaithersburg [Md.], at 83; ret. asst. librarian for research svces., Library of Congress; specialist in the writings of Ralph Waldo Emerson and Henry David Thoreau; spent early career teaching English and American lit. at Univ. of Tex. at Austin and Wake Forest Univ.)



